000 00337nam a2200145Ia 4500
008 210210b1937 xxu||||| |||| 00| 0 eng d
041 _aeng
082 _a869/292
100 _aSHIVARANI DEVI
245 _aKaumudi
260 _aBanAras
_bSarasvati Prakashana
_c1937
650 _aKaumudi
690 _aHindi Fiction
906 _a024091
999 _c149090
_d149090